[Event "2009 Canadian Open Chess Championship"]
[Site "Edmonton Canada"]
[Date "2009.07.13"]
[Round "3"]
[White "Kong, Dezheng"]
[Black "Van Heirzeele, Daniel"]
[Result "1/2-1/2"]
[WhiteElo "1890"]
[BlackElo "2137"]
[PlyCount "64"]
[EventDate "2009.07.11"]
[Source "MonRoi"]

1. e4 c5 2. Nf3 d6 3. d4 cxd4 4. Nxd4 Nf6 5. Nc3 g6 6. Be2 Bg7 7. Be3 Nc6 8. h3
O-O 9. O-O Bd7 10. Qd2 Rc8 11. Rad1 Ne5 12. f4 Rxc3 13. Qxc3 Nxe4 14. Qb4 Ng3
15. fxe5 dxe5 16. Rf3 exd4 17. Rxg3 Qc7 18. Bf2 Qxc2 19. Qd2 Qc7 20. Ra3 Bc6
21. Bf3 Bxf3 22. Rxf3 e5 23. Bg3 Qc6 24. Rc1 Qd5 25. Rfc3 Qa5 26. R3c2 Qxd2 27.
Rxd2 Bh6 28. Rdc2 Bxc1 29. Rxc1 f6 30. Rc7 Rf7 31. Rc8+ Kg7 32. Kf2 Rd7 1/2-1/2

[Event "2009 Canadian Open Chess Championship"]
[Site "Edmonton Canada"]
[Date "2009.07.13"]
[Round "3"]
[White "Farine, Jonathan"]
[Black "Pradzinski, Tim"]
[Result "0-1"]
[WhiteElo "1894"]
[BlackElo "1969"]
[PlyCount "110"]
[EventDate "2009.07.11"]
[Source "MonRoi"]

1. e4 c5 2. Nc3 d6 3. f4 Nc6 4. Nf3 e6 5. Bc4 a6 6. a4 Be7 7. O-O Nf6 8. Ba2
O-O 9. d3 Qc7 10. Qe1 Nd4 11. Bb1 Bd7 12. Be3 e5 13. f5 b5 14. Bg5 b4 15. Bxf6
Bxf6 16. Nd5 Qd8 17. a5 Rb8 18. Nxd4 exd4 19. Ba2 Bc6 20. Nb6 h6 21. Rf3 Kh7
22. Bd5 Rxb6 23. axb6 Bxd5 24. exd5 Qxb6 25. b3 Qb7 26. Qe4 Qd7 27. Re1 a5 28.
g4 a4 29. bxa4 Qxa4 30. g5 Bxg5 31. f6+ g6 32. h4 Be3+ 33. Rfxe3 dxe3 34. h5
Rg8 35. Qe7 gxh5+ 36. Kh1 Qxc2 37. Qxf7+ Kh8 38. Rg1 Rxg1+ 39. Kxg1 Qf2+ 40.
Kh1 Qf3+ 41. Kh2 Qf4+ 42. Kh3 Qg4+ 43. Kh2 Qg8 44. Qxh5 Qf8 45. Qf3 e2 46. Qxe2
Qxf6 47. Qe8+ Kg7 48. Qd7+ Kg8 49. Qc8+ Qf8 50. Qe6+ Kh8 51. Qe4 b3 52. Qe2
Qf4+ 53. Kh3 Qf5+ 54. Kh4 Qg5+ 55. Kh3 Qxd5 0-1

[Event "2009 Canadian Open Chess Championship"]
[Site "Edmonton Canada"]
[Date "2009.07.13"]
[Round "3"]
[White "Henry, Liam"]
[Black "Usselman, Paul"]
[Result "1-0"]
[WhiteElo "2280"]
[BlackElo "1886"]
[PlyCount "35"]
[EventDate "2009.07.11"]
[Source "MonRoi"]

1. e4 c5 2. Nf3 a6 3. Nc3 e6 4. d4 cxd4 5. Nxd4 Qc7 6. Bd3 Nc6 7. Nxc6 bxc6 8.
O-O d5 9. Re1 Nf6 10. Bg5 Be7 11. e5 Nd7 12. Bxe7 Kxe7 13. Qg4 Nxe5 14. Qg3 f6
15. Rxe5 fxe5 16. Qxg7+ Kd6 17. Qxh8 e4 18. Bxe4 1-0

[Event "2009 Canadian Open Chess Championship"]
[Site "Edmonton Canada"]
[Date "2009.07.13"]
[Round "3"]
[White "Davidson, Brian"]
[Black "Grumic, Sasa"]
[Result "0-1"]
[WhiteElo "1814"]
[BlackElo "2174"]
[PlyCount "86"]
[EventDate "2009.07.11"]
[Source "MonRoi"]

1. d4 Nf6 2. c4 g6 3. Bg5 Bg7 4. Nc3 c5 5. Nf3 cxd4 6. Nxd4 Nc6 7. e3 O-O 8.
Be2 d6 9. O-O Bd7 10. Rc1 a6 11. h3 h6 12. Bh4 Rc8 13. Re1 g5 14. Bg3 Qa5 15.
a3 Rfd8 16. Bf3 Ne5 17. Nd5 Nxf3+ 18. Qxf3 Nxd5 19. Qxd5 Qb6 20. b4 e5 21. Nb3
Be6 22. Qd3 f5 23. Qe2 Qc7 24. Nd2 Qe7 25. f3 Qf7 26. Bf2 g4 27. fxg4 fxg4 28.
hxg4 Qg6 29. e4 Bxg4 30. Qe3 h5 31. Bh4 Bh6 32. Qd3 Rd7 33. Rf1 Bf4 34. g3 Be6
35. Rc2 Rg7 36. Rf2 Rf8 37. Nf1 Bh3 38. Kh2 Bxf1 39. Rxf1 Bxg3+ 40. Bxg3 Rxf1
41. Qxf1 Qxg3+ 42. Kh1 Qh4+ 43. Rh2 Qxe4+ 0-1

[Event "2009 Canadian Open Chess Championship"]
[Site "Edmonton Canada"]
[Date "2009.07.13"]
[Round "3"]
[White "Zeggelaar, Mike"]
[Black "Kagramanov, Dina"]
[Result "1/2-1/2"]
[WhiteElo "1810"]
[BlackElo "2140"]
[PlyCount "136"]
[EventDate "2009.07.11"]
[Source "MonRoi"]

1. e4 c5 2. Nf3 e6 3. d4 cxd4 4. Nxd4 a6 5. g3 Nc6 6. Ne2 Nf6 7. Bg2 h5 8. h3
Bc5 9. Nbc3 h4 10. Bf4 Nh5 11. Bd6 Qb6 12. Bxc5 Qxc5 13. g4 Nf6 14. Qd2 b5 15.
O-O-O Ne5 16. g5 Nc4 17. Qd4 Qxg5+ 18. f4 Qxg2 19. Rhg1 Qf3 20. Rd3 Qh5 21. e5
Ng8 22. Rg5 Qh6 23. b3 f6 24. exf6 gxf6 25. Rc5 Ne5 26. Rxc8+ Rxc8 27. Rd1 Rd8
28. Ne4 d5 29. Qb6 f5 30. Nd6+ Ke7 31. Nb7 Rd7 32. Nc5 Nf6 33. Qxe6+ Kf8 34.
Qxe5 Re7 35. Qd6 Ne8 36. Nd7+ Kf7 37. Ne5+ Rxe5 38. Qxe5 Nf6 39. Qxf5 Re8 40.
Nc3 Qh5 41. Qxh5+ Nxh5 42. Rxd5 Nf6 43. Rd6 Re6 44. Rxe6 Kxe6 45. Kd2 b4 46.
Ne2 Nd5 47. Kd3 Kf5 48. Kc4 Ke4 49. c3 a5 50. cxb4 axb4 51. f5 Ne3+ 52. Kxb4
Nxf5 53. a4 Kf3 54. Kc5 Kxe2 55. a5 Ne7 56. a6 Nc8 57. b4 Kf3 58. b5 Kg3 59. b6
Nxb6 60. Kxb6 Kxh3 61. a7 Kh2 62. a8=Q h3 63. Qh8 Kg2 64. Qg7+ Kh1 65. Qg4 h2
66. Qh3 Kg1 67. Qg3+ Kh1 68. Qf3+ Kg1 1/2-1/2

[Event "2009 Canadian Open Chess Championship"]
[Site "Edmonton Canada"]
[Date "2009.07.13"]
[Round "3"]
[White "Sillador, Rory"]
[Black "Gluckie, Jamin"]
[Result "1/2-1/2"]
[WhiteElo "1757"]
[BlackElo "2089"]
[PlyCount "63"]
[EventDate "2009.07.11"]
[Source "MonRoi"]

1. d4 Nf6 2. c4 c5 3. d5 e5 4. Bg5 d6 5. Nc3 Be7 6. Nf3 Nh5 7. Bxe7 Qxe7 8. e3
g6 9. Be2 a6 10. b4 b6 11. bxc5 bxc5 12. O-O O-O 13. Rb1 Nd7 14. Nd2 Ng7 15.
Na4 Qd8 16. Ne4 Ne8 17. Qc2 f5 18. Nd2 Nef6 19. Nf3 h6 20. Rb2 e4 21. Nd2 Qe7
22. Rfb1 g5 23. Nb6 Nxb6 24. Rxb6 f4 25. Qa4 fxe3 26. fxe3 Nd7 27. R6b2 Ne5 28.
Qc2 Ra7 29. Rb8 Nd7 30. R8b2 Ne5 31. Rb8 Nd7 32. R8b2 1/2-1/2

[Event "2009 Canadian Open Chess Championship"]
[Site "Edmonton Canada"]
[Date "2009.07.13"]
[Round "3"]
[White "Ebrahim-Shirazi, Behrooz"]
[Black "Longo, Tyler"]
[Result "1-0"]
[WhiteElo "1500"]
[BlackElo "1992"]
[PlyCount "61"]
[EventDate "2009.07.11"]
[Source "MonRoi"]

1. d4 d5 2. c4 dxc4 3. e4 e5 4. Nf3 exd4 5. Bxc4 Bb4+ 6. Nbd2 Nc6 7. Qb3 Qe7 8.
a3 Ba5 9. Qd3 Bb6 10. b4 Nf6 11. O-O O-O 12. b5 Ne5 13. Nxe5 Qxe5 14. f4 Qh5
15. h3 Re8 16. Bb2 Bd7 17. Rad1 Rad8 18. a4 c6 19. f5 Qh4 20. e5 Nh5 21. Bxf7+
Kxf7 22. Qc4+ Kf8 23. Ba3+ c5 24. Nf3 Qg3 25. Rxd4 Bxf5 26. Rg4 Be6 27. Ng5+
Kg8 28. Nxe6 Qe3+ 29. Kh1 Rd7 30. Nxg7+ Kh8 31. Nxe8 1-0

[Event "2009 Canadian Open Chess Championship"]
[Site "Edmonton Canada"]
[Date "2009.07.13"]
[Round "3"]
[White "Ferreira, Alex"]
[Black "Achtemichuk, Chris"]
[Result "0-1"]
[WhiteElo "1987"]
[BlackElo "1676"]
[PlyCount "42"]
[EventDate "2009.07.11"]
[Source "MonRoi"]

1. e4 e5 2. f4 d5 3. exd5 Qxd5 4. Nc3 Qe6 5. fxe5 Qxe5+ 6. Qe2 Bd6 7. d4 Qxe2+
8. Bxe2 Bf5 9. Bf3 Nc6 10. Bxc6+ bxc6 11. Nh3 Ne7 12. O-O Bxc2 13. Bg5 O-O 14.
Rac1 Bg6 15. Nf4 Nf5 16. Nxg6 hxg6 17. Ne2 Rab8 18. b3 Rfe8 19. Kf2 Rb5 20. Bd2
Rd5 21. Rxc6 Rxe2+ 0-1

[Event "2009 Canadian Open Chess Championship"]
[Site "Edmonton Canada"]
[Date "2009.07.13"]
[Round "3"]
[White "Durupala, Rishi"]
[Black "McCleary, Reuben"]
[Result "0-1"]
[WhiteElo "1075"]
[BlackElo "1508"]
[PlyCount "78"]
[EventDate "2009.07.11"]
[Source "MonRoi"]

1. e4 c5 2. Nf3 e6 3. Nc3 d5 4. exd5 exd5 5. Bb5+ Bd7 6. Bxd7+ Qxd7 7. Ne5 Qe6
8. Qe2 Nc6 9. Nb5 Qxe5 10. Qxe5+ Nxe5 11. Nc7+ Kd7 12. Nxa8 Kc8 13. d3 Bd6 14.
O-O Nf6 15. Re1 Kd7 16. Bf4 Nf3+ 17. gxf3 Bxf4 18. Re2 Rxa8 19. Rae1 Re8 20.
Rxe8 Nxe8 21. b3 Nd6 22. c4 dxc4 23. dxc4 Nf5 24. Kg2 Nh4+ 25. Kh3 Nxf3 26.
Rd1+ Nd4 27. Kg2 Ke7 28. Re1+ Kf8 29. Rd1 g5 30. h3 h5 31. b4 Ke7 32. bxc5 Ne6
33. Re1 Kd7 34. Rd1+ Kc6 35. Kf3 Nxc5 36. Rd5 Ne6 37. Rf5 Nd4+ 38. Ke4 Nxf5 39.
Kxf5 Kc5 0-1

[Event "2009 Canadian Open Chess Championship"]
[Site "Edmonton Canada"]
[Date "2009.07.14"]
[Round "4"]
[White "Mulyar, Michael"]
[Black "Bluvshtein, Mark"]
[Result "0-1"]
[WhiteElo "2440"]
[BlackElo "2598"]
[PlyCount "52"]
[EventDate "2009.07.11"]
[Source "MonRoi"]

1. e4 c5 2. Nf3 d6 3. d4 cxd4 4. Nxd4 Nf6 5. Nc3 Nc6 6. Bg5 e6 7. Qd2 Be7 8.
O-O-O a6 9. f4 Nxd4 10. Qxd4 b5 11. Bxf6 gxf6 12. f5 Qa5 13. fxe6 fxe6 14. e5
fxe5 15. Qg4 Bd7 16. Qg7 Rf8 17. Be2 Qb4 18. Bh5+ Kd8 19. Rhf1 Rxf1 20. Rxf1
Bc6 21. Bg4 Qc4 22. Rf7 Ra7 23. Qg8+ Be8 24. Rf3 e4 25. Bh5 Kc7 26. Qxh7 Kb6
0-1

[Event "2009 Canadian Open Chess Championship"]
[Site "Edmonton Canada"]
[Date "2009.07.14"]
[Round "4"]
[White "Davies, Noam"]
[Black "Adams, Michael"]
[Result "0-1"]
[WhiteElo "2214"]
[BlackElo "2699"]
[PlyCount "78"]
[EventDate "2009.07.11"]
[Source "MonRoi"]

1. e4 e5 2. Nf3 Nc6 3. Bb5 a6 4. Ba4 Nf6 5. O-O Be7 6. Re1 b5 7. Bb3 d6 8. c3
O-O 9. h3 Nb8 10. d4 Nbd7 11. Nbd2 Bb7 12. Bc2 Re8 13. Nf1 Bf8 14. Ng3 g6 15.
Bg5 h6 16. Bd2 Bg7 17. dxe5 dxe5 18. Be3 Qe7 19. Nd2 h5 20. Ne2 Red8 21. Nc1
Nc5 22. f3 Ne6 23. Qe2 c5 24. Ncb3 Rac8 25. Na5 Ba8 26. a4 c4 27. Qf2 Nd7 28.
axb5 axb5 29. Reb1 Ndc5 30. b3 Nd4 31. b4 Nxc2 32. Bxc5 Rxc5 33. Qxc5 Qxc5+ 34.
bxc5 Nxa1 35. Rxa1 Rxd2 36. c6 Rd8 37. Nb7 Re8 38. Ra7 Bf8 39. c7 Rc8 0-1

[Event "2009 Canadian Open Chess Championship"]
[Site "Edmonton Canada"]
[Date "2009.07.14"]
[Round "4"]
[White "Perelshteyn, Eugene"]
[Black "Li, Zhichao"]
[Result "1-0"]
[WhiteElo "2588"]
[BlackElo "2264"]
[PlyCount "85"]
[EventDate "2009.07.11"]
[Source "MonRoi"]

1. d4 d5 2. c4 c6 3. cxd5 cxd5 4. Nc3 Nf6 5. Bg5 Nc6 6. Bxf6 exf6 7. e3 Bb4 8.
Rc1 O-O 9. Bd3 Ne7 10. Nge2 Bg4 11. Qb3 Bxe2 12. Bxe2 Qa5 13. O-O Rac8 14. Nb1
Qb6 15. Bf3 Ba5 16. Rxc8 Rxc8 17. Bxd5 Nxd5 18. Qxd5 g6 19. a3 Rd8 20. Qa2 Qc6
21. b4 Bb6 22. Nd2 f5 23. g3 a5 24. Qc4 Qa4 25. Nf3 axb4 26. axb4 Qe8 27. Rc1
Qe6 28. Ne5 Qxc4 29. Nxc4 Bc7 30. Ra1 Rc8 31. b5 Bxg3 32. Nb6 Bxf2+ 33. Kxf2
Rc2+ 34. Kg3 g5 35. d5 h5 36. h4 gxh4+ 37. Kxh4 Rd2 38. Kxh5 Kf8 39. Ra8+ Ke7
40. Kg5 Rf2 41. Rb8 f6+ 42. Kg6 Rg2+ 43. Kxf5 1-0

[Event "2009 Canadian Open Chess Championship"]
[Site "Edmonton Canada"]
[Date "2009.07.14"]
[Round "4"]
[White "Daniluk, Jim"]
[Black "Quan, Zhe"]
[Result "0-1"]
[WhiteElo "2005"]
[BlackElo "2465"]
[PlyCount "60"]
[EventDate "2009.07.11"]
[Source "MonRoi"]

1. d4 d6 2. c4 e5 3. dxe5 dxe5 4. Qxd8+ Kxd8 5. Nf3 f6 6. Nc3 Be6 7. e4 c6 8.
Be3 Nd7 9. O-O-O Kc7 10. Kb1 g6 11. Rc1 b6 12. Be2 a5 13. Na4 Bh6 14. Rhd1 Bxe3
15. fxe3 Ne7 16. c5 bxc5 17. Nxc5 Nxc5 18. Rxc5 Rhd8 19. Rdc1 Rd6 20. Bb5 Kb6
21. Be2 Rad8 22. R5c3 g5 23. h3 h5 24. h4 g4 25. Ne1 Rd2 26. R3c2 f5 27. Rxd2
Rxd2 28. Rc2 Rxc2 29. Nxc2 fxe4 30. Ne1 Nf5 0-1

[Event "2009 Canadian Open Chess Championship"]
[Site "Edmonton Canada"]
[Date "2009.07.14"]
[Round "4"]
[White "Bradford, Joseph"]
[Black "Davies, Lucas"]
[Result "1-0"]
[WhiteElo "2459"]
[BlackElo "2244"]
[PlyCount "59"]
[EventDate "2009.07.11"]
[Source "MonRoi"]

1. Nf3 Nf6 2. c4 g6 3. Nc3 Bg7 4. e4 d6 5. d4 O-O 6. Be2 e5 7. O-O Nc6 8. d5
Ne7 9. b4 Nh5 10. Re1 f5 11. Ng5 Nf6 12. Bf3 h6 13. Ne6 Bxe6 14. dxe6 fxe4 15.
Nxe4 Nxe4 16. Bxe4 c6 17. b5 d5 18. cxd5 cxd5 19. Ba3 dxe4 20. Qxd8 Rfxd8 21.
Bxe7 Re8 22. Bc5 Rxe6 23. Rac1 a6 24. b6 Bf8 25. Be3 Kf7 26. Red1 Rae8 27. Rc7+
R6e7 28. Bc5 Rxc7 29. bxc7 Rc8 30. Bxf8 1-0

[Event "2009 Canadian Open Chess Championship"]
[Site "Edmonton Canada"]
[Date "2009.07.14"]
[Round "4"]
[White "Hambleton, Aman"]
[Black "Hommeles, Theo"]
[Result "0-1"]
[WhiteElo "2206"]
[BlackElo "2412"]
[PlyCount "138"]
[EventDate "2009.07.11"]
[Source "MonRoi"]

1. d4 g6 2. c4 Bg7 3. Nc3 d6 4. e4 e5 5. dxe5 dxe5 6. Qxd8+ Kxd8 7. Bg5+ f6 8.
O-O-O+ Nd7 9. Be3 Bh6 10. Nf3 Bxe3+ 11. fxe3 Nh6 12. h3 c6 13. a3 Ke7 14. b4
Nf7 15. Nd2 b6 16. Be2 h5 17. Nb3 Ba6 18. a4 Rac8 19. Kb2 c5 20. Nd5+ Ke6 21.
b5 Bb7 22. a5 Nd6 23. a6 Bxd5 24. Rxd5 Nxe4 25. Bf3 Nd6 26. Rhd1 Nxc4+ 27. Kc3
Nxe3 28. Rd6+ Kf5 29. Rxd7 Nxd1+ 30. Bxd1 Ra8 31. Nd2 Ke6 32. Rg7 f5 33. Rxg6+
Ke7 34. Bb3 e4 35. Rg7+ Kf6 36. Rf7+ Kg6 37. Re7 Rhd8 38. Bc4 Rd4 39. h4 Rad8
40. Nb3 R4d7 41. Re6+ Kg7 42. g3 Rf8 43. Nd2 Rf6 44. Re8 Rg6 45. Nf1 Rgd6 46.
Rg8+ Kf6 47. Rf8+ Ke5 48. Re8+ Kf6 49. Rf8+ Ke5 50. Re8+ Kf6 {Kg6} 51. Rg8 Rg7
52. Rxg7 Kxg7 53. Ne3 Kf6 54. Be2 Rd4 55. Ng2 Ke5 56. Nf4 Ra4 57. Kb2 Kd4 58.
Nxh5 Ke3 59. Nf4 Rd4 60. h5 Kf2 61. h6 Rd6 62. h7 Rh6 63. Bc4 Kxg3 64. Nd5 Rxh7
65. Kc3 Kf2 66. Nf4 Kf3 67. Ne6 Rd7 68. Ng5+ Ke3 69. Be6 Rd3+ 0-1

[Event "2009 Canadian Open Chess Championship"]
[Site "Edmonton Canada"]
[Date "2009.07.14"]
[Round "4"]
[White "Pechenkin, Vladimir"]
[Black "Aird, Ian"]
[Result "1-0"]
[WhiteElo "2366"]
[BlackElo "2031"]
[PlyCount "59"]
[EventDate "2009.07.11"]
[Source "MonRoi"]

1. f4 d5 2. Nf3 Nf6 3. e3 Bg4 4. h3 Bxf3 5. Qxf3 Nbd7 6. g4 e6 7. d3 Ng8 8. h4
h5 9. g5 c6 10. b3 Qa5+ 11. c3 g6 12. Bb2 Bg7 13. d4 Ne7 14. Nd2 c5 15. a3 Qb6
16. O-O-O cxd4 17. exd4 O-O-O 18. Kb1 Kb8 19. Ka2 Rc8 20. Qf2 Nf5 21. Nf3 Nd6
22. Bd3 Rc7 23. Rhe1 Rhc8 24. Ne5 Nxe5 25. fxe5 Nb5 26. Bxb5 Qxb5 27. Re3 a5
28. a4 Qe8 29. Qe2 Bf8 30. Rf1 1-0

[Event "2009 Canadian Open Chess Championship"]
[Site "Edmonton Canada"]
[Date "2009.07.14"]
[Round "4"]
[White "Tot, Nandor"]
[Black "Langer, Michael"]
[Result "0-1"]
[WhiteElo "1975"]
[BlackElo "2313"]
[PlyCount "60"]
[EventDate "2009.07.11"]
[Source "MonRoi"]

1. d4 Nf6 2. Nf3 e6 3. c4 c5 4. Nc3 cxd4 5. Nxd4 Bc5 6. e3 O-O 7. Be2 d5 8. O-O
dxc4 9. Bxc4 Qc7 10. Ncb5 Qe7 11. Qf3 Nbd7 12. Be2 a6 13. Nc3 Ne5 14. Qg3 Ng6
15. Nb3 Bb6 16. e4 Qb4 17. Be3 Nxe4 18. Nxe4 Qxe4 19. Bf3 Qb4 20. Bd2 Qe7 21.
Rac1 e5 22. Rfe1 Be6 23. h4 Nxh4 24. Qxe5 Nxf3+ 25. gxf3 Qh4 26. Nc5 Rfe8 27.
Re4 Qh3 28. Nxb7 Qxf3 29. Nd6 Bxf2+ 30. Kh2 Qh3# 0-1

[Event "2009 Canadian Open Chess Championship"]
[Site "Edmonton Canada"]
[Date "2009.07.14"]
[Round "4"]
[White "Sohal, Tanraj"]
[Black "Tayar, Jonathan"]
[Result "0-1"]
[WhiteElo "2072"]
[BlackElo "2392"]
[PlyCount "143"]
[EventDate "2009.07.11"]
[Source "MonRoi"]

1. d4 Nf6 2. c4 g6 3. Nc3 Bg7 4. e4 d6 5. f3 O-O 6. Be3 Nc6 7. Nge2 a6 8. g4
Rb8 9. d5 Ne5 10. Ng3 c5 11. h3 b5 12. cxb5 axb5 13. Bxb5 Qa5 14. a4 Nxf3+ 15.
Qxf3 Rxb5 16. axb5 Qxa1+ 17. Nd1 Nd7 18. O-O Ne5 19. Qe2 Qa4 20. Nc3 Qa5 21.
Bg5 Re8 22. Kg2 Bd7 23. Rc1 h6 24. Bd2 Rb8 25. Nf1 Bxb5 26. Nxb5 Qxb5 27. Qxb5
Rxb5 28. Bc3 Nd3 29. Ra1 Bxc3 30. bxc3 Rb3 31. Ra7 Kf8 32. Ra8+ Kg7 33. Re8 Kf6
34. Ne3 Rxc3 35. g5+ Kxg5 36. Rxe7 Ne5 37. Ng4 Nxg4 38. hxg4 Kf4 39. Rxf7+ Kxe4
40. Rf6 Kxd5 41. Rxg6 Re3 42. Rxh6 c4 43. Kf2 Re8 44. Rh1 Kc5 45. g5 Rg8 46.
Rg1 Rg6 47. Ke3 d5 48. Rg4 Kb4 49. Kd4 c3 50. Kxd5+ Kb3 51. Rg3 Kb2 52. Ke5 c2
53. Rg2 Rxg5+ 54. Rxg5 c1=Q 55. Rg4 Qc7+ 56. Kf5 Kc3 57. Rf4 Kd3 58. Rf3+ Ke2
59. Rf4 Ke3 60. Re4+ Kf3 61. Re6 Qf4+ 62. Kg6 Kg4 63. Rf6 Qe5 64. Kf7 Kg5 65.
Re6 Qc7+ 66. Re7 Qc4+ 67. Kg7 Qd5 68. Rf7 Qd6 69. Kh7 Qg6+ 70. Kh8 Kh6 71. Re7
Qf6+ 72. Kg8 0-1

[Event "2009 Canadian Open Chess Championship"]
[Site "Edmonton Canada"]
[Date "2009.07.14"]
[Round "4"]
[White "Purewal, Sardul"]
[Black "Barron, Michael"]
[Result "0-1"]
[WhiteElo "2057"]
[BlackElo "2357"]
[PlyCount "24"]
[EventDate "2009.07.11"]
[Source "MonRoi"]

1. d4 f5 2. h3 d6 3. g4 fxg4 4. hxg4 Bxg4 5. Qd3 Nf6 6. Bg5 Qd7 7. Bg2 c6 8. f3
Bf5 9. e4 Bg6 10. Bh3 Qc7 11. Be6 d5 12. Nd2 Qg3+ 0-1

[Event "2009 Canadian Open Chess Championship"]
[Site "Edmonton Canada"]
[Date "2009.07.14"]
[Round "4"]
[White "Wang, Richard"]
[Black "Martchenko, Alexander"]
[Result "1/2-1/2"]
[WhiteElo "2045"]
[BlackElo "2314"]
[PlyCount "85"]
[EventDate "2009.07.11"]
[Source "MonRoi"]

1. d4 d5 2. Nf3 e6 3. Bg5 Be7 4. Bxe7 Qxe7 5. c3 Nd7 6. Nbd2 Ngf6 7. e3 O-O 8.
Bd3 e5 9. dxe5 Nxe5 10. Nxe5 Qxe5 11. O-O c5 12. Nf3 Qh5 13. h3 Bd7 14. Nh2 Qh6
15. f4 Rfe8 16. Qf3 Bc6 17. Qf2 Re7 18. Rfe1 Rae8 19. Nf1 g6 20. Rab1 Nd7 21.
b4 b6 22. Ng3 Qg7 23. Qd2 h5 24. c4 d4 25. e4 h4 26. Nh1 Bxe4 27. Nf2 f5 28. a3
Nf6 29. bxc5 bxc5 30. Qa5 Bxd3 31. Nxd3 Rxe1+ 32. Rxe1 Rxe1+ 33. Qxe1 Ne4 34.
Qxh4 Qf8 35. g4 Qb8 36. gxf5 gxf5 37. Ne1 Qd6 38. Nd3 Qg6+ 39. Kh2 Kg7 40. Nxc5
Qf7 41. Nxe4 fxe4 42. Qg5+ Kh7 43. Qh4+ 1/2-1/2

[Event "2009 Canadian Open Chess Championship"]
[Site "Edmonton Canada"]
[Date "2009.07.14"]
[Round "4"]
[White "Abrahams, Daniel"]
[Black "Plotkin, Victor"]
[Result "0-1"]
[WhiteElo "2032"]
[BlackElo "2310"]
[PlyCount "106"]
[EventDate "2009.07.11"]
[Source "MonRoi"]

1. e4 e5 2. Nf3 Nf6 3. d4 exd4 4. e5 Ne4 5. Qxd4 d5 6. exd6 Nxd6 7. Bd3 Nc6 8.
Qf4 Be6 9. O-O Be7 10. Nc3 O-O 11. a3 Qd7 12. Ne4 Bf5 13. Nc5 Qc8 14. Be3 Bxd3
15. Nxd3 Qf5 16. Qg3 Rad8 17. b3 Rfe8 18. a4 Qg6 19. Qf4 Bf6 20. Rad1 Re4 21.
Qg3 Qxg3 22. hxg3 h6 23. Nc5 Re7 24. Bf4 g5 25. Bc1 Nb4 26. Ne1 Bc3 27. Ncd3
Nf5 28. Bd2 Bxd2 29. Rxd2 Nc6 30. Nf3 Nfd4 31. Rfd1 Nxf3+ 32. gxf3 Red7 33. g4
Nb4 34. Kg2 c6 35. Kg3 Nxc2 36. Rxc2 Rxd3 37. Rxd3 Rxd3 38. b4 Rb3 39. Rc4 Kg7
40. Rd4 Kf6 41. Re4 Rc3 42. a5 b6 43. a6 b5 44. Rd4 Ke7 45. Re4+ Kd7 46. Kg2
Rc4 47. Kf1 Rxe4 48. fxe4 Kd6 49. Ke2 c5 50. Kd3 cxb4 51. Kc2 Kc5 52. Kb3 Kb6
53. Kxb4 Kxa6 0-1

[Event "2009 Canadian Open Chess Championship"]
[Site "Edmonton Canada"]
[Date "2009.07.14"]
[Round "4"]
[White "Haynes, Nicolas"]
[Black "Zhang, David"]
[Result "1-0"]
[WhiteElo "2290"]
[BlackElo "1999"]
[PlyCount "59"]
[EventDate "2009.07.11"]
[Source "MonRoi"]

1. Nf3 Nf6 2. c4 c6 3. g3 e6 4. Bg2 d5 5. b3 Be7 6. O-O O-O 7. Bb2 Nbd7 8. d3
b6 9. Qc2 Bb7 10. Nbd2 Qc7 11. e4 dxe4 12. dxe4 e5 13. a3 c5 14. Rae1 a6 15.
Nb1 b5 16. Nc3 bxc4 17. bxc4 Rab8 18. Nd5 Nxd5 19. exd5 Bf6 20. Nd2 Rfe8 21.
Bc3 Nb6 22. Ba5 Ba8 23. Rb1 Bd8 24. Rb2 Qa7 25. Rfb1 Bc7 26. d6 Nxc4 27. Nxc4
Bxa5 28. Nxa5 Bxg2 29. Kxg2 Qa8+ 30. Kg1 1-0

[Event "2009 Canadian Open Chess Championship"]
[Site "Edmonton Canada"]
[Date "2009.07.14"]
[Round "4"]
[White "Fan, Brendan"]
[Black "Henry, Liam"]
[Result "0-1"]
[WhiteElo "1992"]
[BlackElo "2280"]
[PlyCount "68"]
[EventDate "2009.07.11"]
[Source "MonRoi"]

1. e4 c5 2. Nc3 d6 3. f4 g6 4. Nf3 Bg7 5. Bc4 Nc6 6. d3 e6 7. O-O Nge7 8. Qe1
O-O 9. f5 gxf5 10. Qh4 fxe4 11. dxe4 Ng6 12. Qh5 Nce5 13. Bh6 f6 14. Nxe5 Nxe5
15. b3 Qe7 16. Bf4 Bd7 17. Rad1 Rad8 18. Rfe1 Kh8 19. Re3 Be8 20. Qh3 Bf7 21.
Bxe5 dxe5 22. Red3 Rd4 23. Nb5 Rxd3 24. Qxd3 f5 25. Nd6 Bg6 26. exf5 exf5 27.
Qd5 b6 28. Nb5 f4 29. Qd7 Qg5 30. Nc7 f3 31. g3 Qe3+ 32. Kh1 Be4 33. h4 f2+ 34.
Kh2 Qf3 0-1

[Event "2009 Canadian Open Chess Championship"]
[Site "Edmonton Canada"]
[Date "2009.07.14"]
[Round "4"]
[White "Haessel, Dale"]
[Black "Gaciu, Vlad"]
[Result "1-0"]
[WhiteElo "2276"]
[BlackElo "1968"]
[PlyCount "49"]
[EventDate "2009.07.11"]
[Source "MonRoi"]

1. d4 f5 2. c4 e6 3. Nc3 Nf6 4. g3 Be7 5. Bg2 O-O 6. Nf3 d6 7. O-O Ne4 8. Nxe4
fxe4 9. Nd2 d5 10. Qb3 c5 11. cxd5 exd5 12. dxc5 Kh8 13. Qc2 Qc7 14. Nb3 b6 15.
Be3 Bb7 16. Rac1 Rc8 17. Qd2 b5 18. Nd4 Bc6 19. Rfd1 Bd7 20. c6 Nxc6 21. Nxb5
Qa5 22. Qxd5 Rd8 23. Nc3 Qb4 24. Bxe4 Qxb2 25. Qh5 1-0

[Event "2009 Canadian Open Chess Championship"]
[Site "Edmonton Canada"]
[Date "2009.07.14"]
[Round "4"]
[White "Jablon, Stephen"]
[Black "MacKinnon, Keith"]
[Result "0-1"]
[WhiteElo "1985"]
[BlackElo "2241"]
[PlyCount "110"]
[EventDate "2009.07.11"]
[Source "MonRoi"]

1. d4 Nf6 2. c4 c5 3. d5 b5 4. cxb5 a6 5. Nc3 axb5 6. Nxb5 Qa5+ 7. Nc3 g6 8.
Bd2 Bg7 9. Ne4 Qb6 10. Nxf6+ Qxf6 11. Rb1 Rxa2 12. e4 Rxb2 13. Nf3 O-O 14. Bd3
Ba6 15. e5 Rxb1 16. Qxb1 Bxd3 17. Qxd3 Qa6 18. Qxa6 Nxa6 19. Ke2 Rb8 20. Ra1
Rb6 21. Kd3 d6 22. Ba5 Rb7 23. Bc3 Nc7 24. Kc4 f6 25. e6 f5 26. Bxg7 Rb4+ 27.
Kd3 Kxg7 28. Ng5 Nxd5 29. g3 Rd4+ 30. Kc2 h6 31. Nf7 Re4 32. Nd8 Re2+ 33. Kd3
Rxf2 34. Kc4 Nb4 35. Re1 Nc2 36. Rc1 Kf6 37. Kd5 Nb4+ 38. Kc4 Rc2+ 39. Rxc2
Nxc2 40. Kd5 Ne3+ 41. Kc6 c4 42. Kd7 c3 43. Nc6 Nd5 44. Nd4 Nb4 45. Ne2 c2 46.
Nc1 d5 47. Ne2 Na2 48. Nf4 Nb4 49. Ne2 d4 50. Nc1 d3 51. Nb3 d2 52. Nxd2 c1=Q
53. Nf1 Qc6+ 54. Kd8 Kxe6 55. Ne3 Qd7# 0-1

[Event "2009 Canadian Open Chess Championship"]
[Site "Edmonton Canada"]
[Date "2009.07.14"]
[Round "4"]
[White "Grumic, Sasa"]
[Black "Arfin, Sam"]
[Result "1-0"]
[WhiteElo "2174"]
[BlackElo "1916"]
[PlyCount "59"]
[EventDate "2009.07.11"]
[Source "MonRoi"]

1. e4 c5 2. Nf3 g6 3. c3 Bg7 4. d4 cxd4 5. cxd4 d5 6. e5 Bg4 7. Be2 e6 8. Nc3
Bxf3 9. Bxf3 Ne7 10. h4 Nbc6 11. h5 Nf5 12. h6 Bf8 13. Ne2 Qb6 14. O-O Nxh6 15.
g4 Bg7 16. Be3 Qd8 17. Kg2 Ng8 18. Rh1 f6 19. Nf4 Qe7 20. Qb3 fxe5 21. Nxe6 e4
22. Nxg7+ Qxg7 23. Be2 Qd7 24. Rac1 Nge7 25. Bh6 Rg8 26. Be3 Rg7 27. Qa3 O-O-O
28. Qxa7 Rf8 29. Bh6 e3 30. f3 1-0

[Event "2009 Canadian Open Chess Championship"]
[Site "Edmonton Canada"]
[Date "2009.07.14"]
[Round "4"]
[White "Van Heirzeele, Daniel"]
[Black "Motuz, Vitaly"]
[Result "1/2-1/2"]
[WhiteElo "2137"]
[BlackElo "1905"]
[PlyCount "63"]
[EventDate "2009.07.11"]
[Source "MonRoi"]

1. d4 Nf6 2. Nf3 g6 3. c4 Bg7 4. Nc3 O-O 5. e4 d6 6. Be2 Nbd7 7. O-O e5 8. Qc2
exd4 9. Nxd4 Re8 10. Rd1 Qe7 11. f3 a6 12. Bg5 h6 13. Bh4 g5 14. Nf5 Qf8 15.
Nxg7 Qxg7 16. Bf2 Nf8 17. Nd5 Nxd5 18. cxd5 Re7 19. Bd4 f6 20. g3 Bh3 21. Bf1
Bxf1 22. Rxf1 Ng6 23. Kh1 Rae8 24. Qc3 Rf7 25. Rae1 Qf8 26. f4 g4 27. Rf2 h5
28. Qb3 b6 29. Qd1 Rfe7 30. Qd3 Qf7 31. Rfe2 a5 32. Bc3 1/2-1/2